| 000 | 00953nam a2200301 i 4500 | ||
|---|---|---|---|
| 003 | EG-GICUC | ||
| 005 | 20260208114932.0 | ||
| 008 | 260208s1889 nyub|||fr|||| 001 0 eng d | ||
| 040 |
_aEG-GiCUC _bara _cEG-GiCUC _dEG-GiCUC _erda |
||
| 041 | 0 | _aeng | |
| 082 | 0 | 4 |
_221 _a341.9 _bFI . H |
| 092 | 0 | 4 | _221 |
| 099 | _aLaw1 12 341.9 FI . H 1889 | ||
| 100 | 1 |
_aFisher H. A. L. _eAuthor. |
|
| 245 | 1 | 2 |
_aA History of Europe / _c Fisher H. A. L. |
| 264 |
_aLondon : _bEdward arnold (Publishers) LTD, _c[1889]. |
||
| 300 |
_a1301 pages : _billustrations, _c24 cm |
||
| 336 |
_2rda content _atext |
||
| 337 |
_2rda media _aComputer |
||
| 338 |
_2rda carrier _aOnline Resource |
||
| 504 | _aIncludes bibliographical references and index. | ||
| 546 | _aText in English | ||
| 650 | 1 | 0 |
_aLaw - International History _2qrmak |
| 651 | 1 | _2qrmak | |
| 856 | 4 | 0 | _uhttps://fll.law.cu.edu.eg/fulltext/bks/B12-01829.pdf |
| 905 | _a78 | ||
| 942 |
_2ddc _cBK _e21 _n0 |
||
| 999 |
_c61536 _d61536 |
||